Longman dictionary of contemporary english
保存先:
| フォーマット: | 図書 |
|---|---|
| 言語: | Undetermined |
| 出版事項: |
Gran Bretaña
Longman Dictionaries
1995
|
| 版: | 3 ed. |
| 主題: | |
| オンライン・アクセス: | Learners Dictionary |
| タグ: |
タグ追加
タグなし, このレコードへの初めてのタグを付けませんか!
|
MARC
| LEADER | 00000nam a2200000Ia 4500 | ||
|---|---|---|---|
| 008 | 170316s9999 xx 000 0 und d | ||
| 999 | |c 30743 |d 30743 | ||
| 020 | |a 0 582 23571 3 | ||
| 040 | |a cru BVZT | ||
| 090 | |a R-413 L-1.2L ING-ING | ||
| 245 | |a Longman dictionary of contemporary english |c Della Summers, Director | ||
| 250 | |a 3 ed. | ||
| 260 | |a Gran Bretaña |b Longman Dictionaries |c 1995 | ||
| 300 | |a 1668 páginas | ||
| 546 | |a Español de Latinoamérica. Inglés de Estados Unidos | ||
| 650 | |a REFERENCIA |9 27 | ||
| 650 | 0 | |a DICCIONARIO |9 28 | |
| 650 | 0 | |a INGLÉS |9 70 | |
| 856 | |u http://learnersdictionary.com/ |y Learners Dictionary |z Diccionario en línea | ||
| 942 | |c REF |2 z |j REF | ||
